000 00559nam a2200193 a 4500
003 BD-DhJNU
005 20241201053313.0
008 210106s2000 bg a 001 0 eng d
020 _a9840753657
040 _aBD-DhJNU
_bENG
_cBD-DhJNU
_dBD-DhJNU
082 0 4 _a745.095 GLT
_223
100 1 _aGlassie, Henry
245 1 0 _aTraditional art of Dhaka /
_c Henry Glassie
260 _aDhaka :
_bBangla Academy,
_c2000.
300 _a511 p. :
_bill. ;
_c25 cm.
504 _aIncludes bibliographical references and index.
650 0 _aArt
_zBangladesh
942 _cBK
999 _c958
_d958